Countries of Asia Without Outlines Quiz Stats

Quiz Updated Sep 21, 2016

Challenge
Share
Tweet
Score 0/49 Timer 09:00
3 Plays Today
% Correct
India
85.6%
Japan
85.6%
South Korea
84.9%
Russia
84.9%
China
84.5%
Turkey
84.5%
Saudi Arabia
84.2%
North Korea
84%
Sri Lanka
83.8%
Philippines
83.7%
Indonesia
83.4%
Taiwan
82.1%
Maldives
81%
Oman
79.8%
Iran
79.7%
Mongolia
79.6%
Yemen
79.5%
Kazakhstan
79.1%
Vietnam
78.9%
Myanmar
78%
Pakistan
77.9%
Malaysia
76.7%
Bangladesh
75.7%
United Arab Emirates
75.7%
Syria
75.7%
% Correct
Cambodia
75.5%
Afghanistan
73.9%
Qatar
73.7%
Thailand
73.4%
Nepal
73.1%
Iraq
72.9%
Singapore
72.3%
Laos
70.3%
Lebanon
69.3%
Bhutan
68.9%
Timor-Leste
68.9%
Palestine
68.6%
Azerbaijan
68.2%
Georgia
68%
Jordan
67.9%
Brunei
67.8%
Kuwait
67.5%
Turkmenistan
65.4%
Uzbekistan
64.7%
Israel
63.4%
Kyrgyzstan
61.9%
Bahrain
59.6%
Tajikistan
58.5%
Armenia
57.3%

You're not logged in!

Compare scores with friends on all Sporcle quizzes.
Sign Up with Email
OR
Log In

You Might Also Like...

Show Comments

Extras

Top Quizzes Today


Score Distribution

Your Account Isn't Verified!

In order to create a playlist on Sporcle, you need to verify the email address you used during registration. Go to your Sporcle Settings to finish the process.